000 00550nam a2200181 a 4500
005 20240924070729.0
008 991125s1961 ag 000 0 spa u
035 _aUPN01000028941
049 _aF
050 4 _aLC1043
_bT3.3
100 1 _aTacca, Oscar Ernesto
245 1 0 _aHumanismo y educación /
_cOscar Ernesto Tacca.
260 _aSanta Fe, Arg. :
_bUniversidad Nacional del Litoral, Departamento de Pedagogía Universitaria,
_c1961.
300 _a38 p.
440 0 _aEstudios y trabajos ;
_v3
650 4 _aHumanismo
_914067
905 _aLibro
999 _c28941
_d28941